Christian education : (Record no. 2757)
[ view plain ]
| 000 -LEADER | |
|---|---|
| fixed length control field | 01234cam a2200313 a 4500 |
| 001 - CONTROL NUMBER | |
| control field | 4873594 |
| 003 - CONTROL NUMBER IDENTIFIER | |
| control field | GBCCL |
| 005 - DATE AND TIME OF LATEST TRANSACTION | |
| control field | 20241126110438.0 |
| 008 - FIXED-LENGTH DATA ELEMENTS--GENERAL INFORMATION | |
| fixed length control field | 920205s1991 ilu b 000 0 eng |
| 010 ## - | |
| -- | 92113832 |
| 020 ## - INTERNATIONAL STANDARD BOOK NUMBER | |
| International Standard Book Number | 0802416470 |
| 040 ## - CATALOGING SOURCE | |
| Original cataloging agency | DLC |
| Transcribing agency | DLC |
| Modifying agency | DLC |
| 050 00 - | |
| -- | BV1473 |
| -- | .C46 1991 |
| 082 00 - DEWEY DECIMAL CLASSIFICATION NUMBER | |
| Classification number | 268 |
| Edition information | 20 |
| Item number | CHR |
| 245 00 - TITLE STATEMENT | |
| Title | Christian education : |
| Remainder of title | foundations for the future / |
| Statement of responsibility, etc. | edited by Robert E. Clark, Lin Johnson, Allyn K. Sloat. |
| 260 ## - PUBLICATION, DISTRIBUTION, ETC. | |
| Place of publication, distribution, etc. | Chicago : |
| Name of publisher, distributor, etc. | Moody Press, |
| Date of publication, distribution, etc. | c1991. |
| 300 ## - PHYSICAL DESCRIPTION | |
| Extent | 636 p. ; |
| Dimensions | 24 cm. |
| 504 ## - BIBLIOGRAPHY, ETC. NOTE | |
| Bibliography, etc. note | Includes bibliographical references and index. |
| 650 #0 - SUBJECT ADDED ENTRY--TOPICAL TERM | |
| Topical term or geographic name entry element | Christian education. |
| 9 (RLIN) | 3220 |
| 700 1# - ADDED ENTRY--PERSONAL NAME | |
| Personal name | Clark, Robert E. |
| 9 (RLIN) | 5835 |
| 700 1# - ADDED ENTRY--PERSONAL NAME | |
| Personal name | Johnson, Lin. |
| 9 (RLIN) | 5836 |
| 700 1# - ADDED ENTRY--PERSONAL NAME | |
| Personal name | Sloat, Allyn K. |
| 9 (RLIN) | 5837 |
| 856 42 - ELECTRONIC LOCATION AND ACCESS | |
| Materials specified | Publisher description |
| Uniform Resource Identifier | <a href="http://www.loc.gov/catdir/enhancements/fy0609/92113832-d.html">http://www.loc.gov/catdir/enhancements/fy0609/92113832-d.html</a> |
| 856 42 - ELECTRONIC LOCATION AND ACCESS | |
| Materials specified | Contributor biographical information |
| Uniform Resource Identifier | <a href="http://www.loc.gov/catdir/enhancements/fy1206/92113832-b.html">http://www.loc.gov/catdir/enhancements/fy1206/92113832-b.html</a> |
| 856 41 - ELECTRONIC LOCATION AND ACCESS | |
| Materials specified | Table of contents only |
| Uniform Resource Identifier | <a href="http://www.loc.gov/catdir/enhancements/fy1206/92113832-t.html">http://www.loc.gov/catdir/enhancements/fy1206/92113832-t.html</a> |
| 906 ## - LOCAL DATA ELEMENT F, LDF (RLIN) | |
| a | 7 |
| b | cbc |
| c | orignew |
| d | 2 |
| e | ncip |
| f | 19 |
| g | y-gencatlg |
| 942 ## - ADDED ENTRY ELEMENTS (KOHA) | |
| Source of classification or shelving scheme | Dewey Decimal Classification |
| Koha item type | Books |
| Koha issues (borrowed), all copies | 40 |
| Withdrawn status | Lost status | Source of classification or shelving scheme | Damaged status | Not for loan | Home library | Current Library | Shelving location | Date acquired | Total checkouts | Total renewals | Full call number | Barcode | Date last seen | Date last checked out | Copy number | Price effective from | Koha item type |
|---|---|---|---|---|---|---|---|---|---|---|---|---|---|---|---|---|---|
| Dewey Decimal Classification | GRACE BIBLE COLLEGE | GRACE BIBLE COLLEGE | Ministry & Mission | 2017-09-14 | 43 | 4 | 268 CHR | 005784 | 2026-02-17 | 2026-02-16 | c.1 | 2017-09-14 | Books |